| 000 | 01592cam a22004693a 4500 | ||
|---|---|---|---|
| 001 | 2329 | ||
| 003 | FISKH | ||
| 005 | 20231117094111.0 | ||
| 008 | 050815s2005 nyua b 000 1 eng d | ||
| 010 | _a 2005577042 | ||
| 020 | _a0439678072 (pbk.) | ||
| 020 | _a9780439678070 | ||
| 020 | _a1415623910 (BWI bdg.) | ||
| 024 | 3 | _a9780439678070 | |
| 035 | _a(OCoLC)ocm61264949 | ||
| 040 |
_aBKX _cBKX _dBAKER _dDLC _dDLC _beng |
||
| 042 | _alccopycat | ||
| 050 | 0 | 0 | _aCPB Box no. 2370 vol. 13 |
| 082 | _a479 | ||
| 100 | 1 | _aPreller, James. | |
| 245 | 1 | 4 |
_aThe case of the food fight / _cby James Preller ; illustrated by Jamie Smith ; cover illustration by R.W. Alley. |
| 260 |
_aNew York : _bScholastic, _c2005. |
||
| 300 |
_a77 pages : _billustrations ; _c20 cm |
||
| 440 | 0 | _aLittle apple | |
| 490 | 1 |
_aJigsaw Jones mysteries ; _vBook 28 |
|
| 505 | _aG | ||
| 520 | _aJigsaw Jones tries to prove that Joey Pignattano should not be blamed for starting a food fight in the school cafeteria. | ||
| 521 | 0 |
_a390
_bLexile |
|
| 521 | 1 |
_aG
_bRaz-Plus |
|
| 650 | 0 |
_aPrivate investigators _vJuvenile fiction. |
|
| 650 | 0 |
_aSchool children _xFood _vJuvenile fiction. |
|
| 650 | 0 |
_aSchools _vJuvenile fiction. |
|
| 650 | 0 |
_aPrivate investigators _vFiction. |
|
| 650 | 0 |
_aSchools _vFiction. |
|
| 650 | 0 |
_aFood _vFiction. |
|
| 650 | 0 | _aDetective and mystery stories. | |
| 655 | 7 |
_aMystery fiction. _2gsafd |
|
| 655 | 7 |
_aChildren's stories. _2lcsh |
|
| 700 | 1 |
_aSmith, Jamie, _d1971- _eillustrator. |
|
| 906 |
_a7 _bcbc _ccopycat _d2 _encip _f20 _gy-genrareb |
||
| 942 |
_2ddc _cBK _n0 |
||
| 999 |
_c2329 _d2329 |
||